000 00257nam a2200109Ia 4500
005 20251222114400.0
008 251222s1900||||xx |||||||||||||| ||spa||
082 _aDVD0070/F36A/1954/Ej.2
245 0 _aLa strada
264 _bZima Entertainment,
942 _cDVD
999 _c1600
_d1600